Populačná dynamika Košického a Prešovského samosprávneho kraja v kontexte regionálneho rozvoja

Pohľad na zmeny populačnej dynamiky v Prešovskom a Košickom samosprávnom kraji. Pozícia Prešovského a Košického kraja v rámci slovenského populačného vývoja a obdobných hierarchických jednotiek NUTS III. Región sa územno-správne člení na Košický a Prešovský kraj, v ktorých sa nachádza spolu 24 okres...

Descrizione completa

Salvato in:
Dettagli Bibliografici
Autore principale: Bucher, Slavomír
Natura: Capitolo di libro
Lingua:slovacco
Soggetti:
Tags: Aggiungi Tag
Nessun Tag, puoi essere il primo ad aggiungerne!!

MARC

LEADER 00000naa a2200000 4500
001 0146341
005 20220715084134.0
041 0 |a slo 
044 |a SK 
245 1 0 |a Populačná dynamika Košického a Prešovského samosprávneho kraja v kontexte regionálneho rozvoja  |c Slavomír Bucher 
520 |a Pohľad na zmeny populačnej dynamiky v Prešovskom a Košickom samosprávnom kraji. Pozícia Prešovského a Košického kraja v rámci slovenského populačného vývoja a obdobných hierarchických jednotiek NUTS III. Región sa územno-správne člení na Košický a Prešovský kraj, v ktorých sa nachádza spolu 24 okresov a 40 miest. Vnútorné priestorové rozdiely v populačnej dynamike. Náčrt obrazu o aktuálnej situácii v oblasti základných populačných procesov. Kľúčové faktory, ktoré ovplyvňujú súčasné vývojové tendencie populačných procesov a podmieňujú regionálne rozdiely v populačnej dynamike. 
610 2 0 |a rozvoj regionálny 
610 2 0 |a Slovensko 
610 2 0 |a vývoj populačný 
610 2 0 |a zdroje ľudské 
610 2 0 |a zdroje síl pracovných 
100 1 |a Bucher, Slavomír